| 000 | 004420000a22001810004500 | ||
|---|---|---|---|
| 003 | MACL | ||
| 005 | 20151023152325.0 | ||
| 008 | 151023b xxu||||| |||| 00| 0 eng d | ||
| 040 |
_aMACL _cMACL |
||
| 041 | _aEnglish | ||
| 082 | _a954/SAR | ||
| 100 |
_aSharma , Bina Kumari _916488 |
||
| 245 | _aOrissa's Struggle for Freedom | ||
| 260 |
_bPunthi Pustak _c2006 _aKolkata |
||
| 350 | _a550 | ||
| 650 |
_aHistory _916489 |
||
| 942 |
_cBK _k954 _2ddc |
||
| 999 |
_c2174 _d2174 |
||